000 01596cam a2200169 4500500
005 20260322005340.0
041 _afre
042 _adc
100 1 0 _aBruno, Maria Teresa
_eauthor
700 1 0 _aBoussuge, Emmanuel
_eauthor
245 0 0 _aThe Pensées philosophiques before the Pensées philosophiques
260 _c2024.
500 _a66
520 _aThe discovery of a new manuscript of Pensées philosophiques at Yale’s Lewis-Walpole Library has revealed the existence of a version of the text prior to its printing, entitled Pensées diverses pour servir d’éclaircissements à quelques endroits des principes de la philosophie morale ou de l’essai sur le mérite et sur la vertu. It is this initial version that is published here. The critical edition of the Pensées diverses is preceded by a description and dating of the manuscript. This is a copy on which two textual layers are present: 1) a copy of the Pensées diverses in the hand of an unidentified “copyist” at this stage, and 2) additions and corrections in the hand of D’Alembert (according to Kate Tunstall’s identification), the reworked whole giving us a version very close to the one printed in March 1746. A preliminary section takes into account all the second-hand contributions, as well as the differences between the revised version and the 1746 edition.
786 0 _nRecherches sur Diderot et sur l’Encyclopédie | 59 | 1 | 2024-12-11 | p. 13-59 | 0769-0886
856 4 1 _uhttps://shs.cairn.info/journal-recherches-sur-diderot-et-sur-lencyclopedie-2024-1-page-13?lang=en&redirect-ssocas=7080
999 _c1747749
_d1747748